| 000 | 00387nam a22001457a 4500 | ||
|---|---|---|---|
| 020 | _a0246116153 | ||
| 082 |
_a956.101 _bBRI |
||
| 100 | _aBridge, Antony; | ||
| 245 |
_aSuleiman the Magnificent: scourge of Heaven _cAntony Bridge, |
||
| 260 |
_aNew York: _bGRANADA publishing; _c1983. |
||
| 300 | _a220p. | ||
| 563 | _aHB | ||
| 650 |
_aTurkey _aSultans _9118594 |
||
| 942 |
_2ddc _cBK |
||
| 999 |
_c606789 _d606789 |
||